Statistics for Hated U.S. States

Click here to take the quiz!

General Stats

  • This quiz has been taken 9,790 times
    (9,664 since last reset)
  • The average score is 14 of 24

Answer Stats

Hating State(s) Hated State % Correct
Arizona, Colorado, Idaho, Montana, Nevada, Oregon, Utah, Washington, WyomingCalifornia
96%
Alaska, California, New Mexico, OklahomaTexas
82%
Connecticut, Delaware, New York, PennsylvaniaNew Jersey
73%
MinnesotaWisconsin
65%
South DakotaNorth Dakota
63%
North DakotaSouth Dakota
62%
North CarolinaSouth Carolina
61%
Maine, New Hampshire, Rhode Island, VermontMassachusetts
61%
IllinoisIndiana
58%
West Virginia, MarylandVirginia
57%
KentuckyTennessee
57%
TexasOklahoma
57%
Tennessee, IndianaKentucky
56%
VirginiaWest Virginia
56%
WisconsinIllinois
55%
Arkansas, Louisiana, MississippiAlabama
55%
MassachusettsNew York
54%
OhioMichigan
50%
MissouriKansas
45%
KansasMissouri
44%
IowaNebraska
43%
NebraskaIowa
43%
Michigan, South CarolinaOhio
40%
Alabama, Florida, GeorgiaFlorida
26%

Score Distribution

Percentile by Number Answered

Percent of People with Each Score

Your Score History

You have not taken this quiz since the last reset